000 00663nam a2200229 a 4500
999 _c802
_d802
008 191031r20072013ii a|||g |||| 00| 0 eng d
020 _a9788125921578
040 _aKO
_beng
041 0 _aeng
044 _aii
082 0 4 _223
_a530.02462
_bV691
100 1 _aVijayakumari, G.
245 1 0 _aEngineering Physics Practicals :
_bPhysics Lab Manual-cum-Observation Book /
_cG. Vijayakumari
250 _a2nd ed.
260 _aNoida :
_bVikas Publishing House Pvt Ltd,
_c2006, reprinted 2013
300 _axvii, 134 p. :
_bill. ;
_c23 cm.
650 0 _aEngineering--Experiments
650 0 _aPhysics--Experiments
904 _aS_JOY
942 _cBK